|
|
|
|
| LEADER |
00000cam a22000004a 4500 |
| 001 |
musev2_96641 |
| 003 |
MdBmJHUP |
| 005 |
20230905053225.0 |
| 006 |
m o d |
| 007 |
cr||||||||nn|n |
| 008 |
020520s2000 msu o 00 0 eng d |
| 020 |
|
|
|a 9781604730289
|
| 020 |
|
|
|z 1578062454
|
| 020 |
|
|
|z 1604730285
|
| 020 |
|
|
|z 9781578062454
|
| 040 |
|
|
|a MdBmJHUP
|c MdBmJHUP
|
| 100 |
1 |
|
|a Root, Benjamin A.
|
| 245 |
1 |
0 |
|a Understanding Panic and Other Anxiety Disorders /
|c Benjamin A. Root.
|
| 264 |
|
1 |
|a Jackson :
|b University Press of Mississippi,
|c 2000.
|
| 264 |
|
3 |
|a Baltimore, Md. :
|b Project MUSE,
|c 0000
|
| 264 |
|
4 |
|c ©2000.
|
| 300 |
|
|
|a 1 online resource:
|b illustrations
|
| 336 |
|
|
|a text
|b txt
|2 rdacontent
|
| 337 |
|
|
|a computer
|b c
|2 rdamedia
|
| 338 |
|
|
|a online resource
|b cr
|2 rdacarrier
|
| 490 |
0 |
|
|a Understanding health and sickness series
|
| 505 |
0 |
|
|a Introduction; 1. The Nature of Panic Disorder; 2. Some Related Disorders; 3. Pictures of the Mind; 4. Who Gets Anxiety Disorders?; 5. Treatment; 6. Searching for Answers; Appendices; Glossary; Index.
|
| 520 |
|
|
|a A patient's guide to panic disorder, panic attacks, and other stress-related maladies. Download Plain Text version. Twenty years ago panic disorder was often misunderstood and misdiagnosed. Its symptoms frequently mimicked non-psychiatric diseases, making it a mystery to both doctors and patients. Sufferers filled emergency rooms and doctors' offices and endured countless general examinations that revealed nothing. In Understanding Panic and Other Anxiety Disorders, Benjamin Root, a practicing psychiatrist since 1986, gathers the very latest research and news on the newest pharmacological and.
|
| 588 |
|
|
|a Description based on print version record.
|
| 650 |
|
7 |
|a Panic disorders.
|2 fast
|0 (OCoLC)fst01052116
|
| 650 |
|
7 |
|a Anxiety.
|2 fast
|0 (OCoLC)fst00810950
|
| 650 |
|
7 |
|a SELF-HELP
|x Anxieties & Phobias.
|2 bisacsh
|
| 650 |
|
7 |
|a PSYCHOLOGY
|x Psychopathology
|x Anxieties & Phobias.
|2 bisacsh
|
| 650 |
|
6 |
|a Trouble panique.
|
| 650 |
|
2 |
|a Panic Disorder
|
| 650 |
|
0 |
|a Anxiety.
|
| 650 |
|
0 |
|a Panic disorders.
|
| 655 |
|
7 |
|a Electronic books.
|2 local
|
| 710 |
2 |
|
|a Project Muse.
|e distributor
|
| 830 |
|
0 |
|a Book collections on Project MUSE.
|
| 856 |
4 |
0 |
|z Texto completo
|u https://projectmuse.uam.elogim.com/book/96641/
|
| 945 |
|
|
|a Project MUSE - Custom Collection
|